| 000 | 00496nam a22001457a 4500 | ||
|---|---|---|---|
| 005 | 20180807122311.0 | ||
| 020 |
_a8173912726 _c00.00 |
||
| 035 | _aA-945278, A-945276, A-945285 | ||
| 037 |
_aDPL _bENG |
||
| 100 | _aRanganathan, Sarala | ||
| 245 |
_aWomen and social order : _bA profile of major indicators and determinants / _cby Sarala Ranganathan |
||
| 260 |
_aNew Delhi _bKanishka Publishers, Distributors _c1998 |
||
| 300 |
_av, 307p. _c18 cms. |
||
| 942 |
_2ddc _cEN _h305.4 _mRAN |
||
| 999 |
_c65107 _d65107 |
||